000
00314nam a2200133Ia 4500
008
240624s9999 xx 000 0 und d
041
_a
eng
082
_a
828 BRI
100
_a
BRISTOL CLAUDE M
245
_a
MAGIC OF BELIEVING
260
_c
1991
_a
New Delhi
_b
Pocket Books
300
_a
180 : p.
365
_c
RS
_b
25
999
_c
23619
_d
23619